Normal view
MARC view
Entry Uniform Title
001 - CONTROL NUMBER
- control field: 19455
003 - CONTROL NUMBER IDENTIFIER
- control field: OSt
005 - DATE AND TIME OF LATEST TRANSACTION
- control field: 20251010150013.0
008 - FIXED-LENGTH DATA ELEMENTS
- fixed length control field: 251010|| aca||aabn | a|a d
040 ## - CATALOGING SOURCE
- Original cataloging agency: OSt
- Transcribing agency: OSt
130 ## - HEADING--UNIFORM TITLE
- Uniform title: Enterprise
670 ## - SOURCE DATA FOUND
- Source citation: Work cat.: (OSt)9559: Firquer Bill 19454, ECM Solutions: What you need to know, 2006
